| 000 | 00481 a2200157 4500 | ||
|---|---|---|---|
| 020 | _a8121903599 | ||
| 040 |
_aDLC _bDLC |
||
| 082 | _a660.2 | ||
| 110 | _aDara, S. S. | ||
| 245 |
_aA textbook of engineering chemistry _cS. S. Dara. |
||
| 260 |
_aNew Delhi : _bS. Chand & Co Ltd., _cc1986. |
||
| 300 |
_axvi, 762 p. : _bill. ; _c24 cm. |
||
| 500 | _aIncludes bibliographical references and index. | ||
| 650 | _a1.Chemistry, Technical. 2.Chemistry Analytic. | ||
| 942 |
_cBK _k660.2 DAR _2ddc |
||
| 999 |
_c4748 _d4748 |
||